[Event "Oceania zt 3.6"]
[Site "Auckland"]
[Date "2017.01.20"]
[Round "9"]
[White "Chew Lee, Max"]
[Black "Gong, Patrick"]
[Result "1/2-1/2"]
[WhiteElo "2204"]
[BlackElo "2303"]
[PlyCount "72"]
[EventDate "2017.01.14"]
[EventType "swiss"]
[EventRounds "9"]
[EventCountry "NZL"]
[SourceTitle "CBM 176 Extra"]
[Source "ChessBase"]
[SourceDate "2017.03.02"]
[SourceVersion "1"]
[SourceVersionDate "2017.03.02"]
[SourceQuality "1"]

1. e4 d6 2. d4 Nf6 3. Nc3 g6 4. Be3 a6 5. Qd2 b5 6. f3 Nbd7 7. h4 h5 8. Nh3 Bb7 9. Rd1 e6 10. Ng5 Qe7 11. a4 bxa4 12. Nxa4 d5 13. e5 Ng8 14. c4 Qb4 15. Qxb4 Bxb4+ 16. Kf2 dxc4 17. Rc1 Ne7 18. Bxc4 Bd5 19. Bxd5 Nxd5 20. Nc3 N7b6 21. Nxd5 Nxd5 22. Rc6 Ba5 23. Ra1 Bb6 24. Rc4 Ke7 25. Ne4 Rhb8 26. Nc3 Nxc3 27. bxc3 Kd7 28. Rca4 a5 29. c4 c6 30. Ke2 Bd8 31. Bd2 Ra7 32. g3 Bc7 33. f4 Rb2 34. R1a2 Rxa2 35. Rxa2 Rb7 36. Ra3 Bb6 1/2-1/2

[Event "Begonia op 49th"]
[Site "Ballarat"]
[Date "2015.03.07"]
[Round "5"]
[White "Yang, Ray"]
[Black "Chew Lee, Max"]
[Result "1/2-1/2"]
[WhiteElo "1914"]
[BlackElo "2086"]
[PlyCount "47"]
[EventDate "2015.03.07"]
[EventType "swiss"]
[EventRounds "7"]
[EventCountry "AUS"]
[SourceTitle "EXT 2019"]
[Source "ChessBase"]
[SourceDate "2018.10.10"]
[SourceVersion "1"]
[SourceVersionDate "2018.10.10"]
[SourceQuality "1"]

1. d4 e6 2. c4 b6 3. a3 Bb7 4. Nc3 Nf6 5. Bg5 Be7 6. e3 d5 7. cxd5 Nxd5 8. Bxe7 Qxe7 9. Nxd5 Bxd5 10. Nf3 Nd7 11. Bd3 h6 12. Qc2 c5 13. Be4 Bxe4 14. Qxe4 0-0 15. 0-0 cxd4 16. Nxd4 Nf6 17. Qf3 Rac8 18. Rac1 Rfe8 19. h3 Qd7 20. Rfd1 Rxc1 21. Rxc1 Rc8 22. Rxc8+ Qxc8 23. Qc6 Qxc6 24. Nxc6 1/2-1/2

[Event "Melbourne Canterbury op"]
[Site "Melbourne"]
[Date "2014.12.30"]
[Round "7"]
[White "Chew Lee, Max"]
[Black "Cheng, Bobby Sky"]
[Result "1/2-1/2"]
[WhiteElo "1931"]
[BlackElo "2435"]
[PlyCount "81"]
[EventDate "2014.12.27"]
[EventType "swiss"]
[EventRounds "7"]
[EventCountry "AUS"]
[SourceTitle "CBM 164 Extra"]
[Source "ChessBase"]
[SourceDate "2015.03.02"]
[SourceVersion "1"]
[SourceVersionDate "2015.03.02"]
[SourceQuality "1"]

1. e4 c6 2. d4 d5 3. exd5 cxd5 4. Bd3 Nc6 5. Ne2 Bg4 6. f3 Bd7 7. c3 Qc7 8. Na3 a6 9. Qb3 e5 10. Qxd5 Nf6 11. Qb3 exd4 12. Bf4 Bd6 13. Bxd6 Qxd6 14. Nc4 Qe7 15. cxd4 Nxd4 16. Qa3 Qxa3 17. Nxa3 Ne6 18. Nc4 Nc5 19. Rd1 0-0 20. Nd6 Rad8 21. Bc2 Bc6 22. Nc3 g6 23. Kf2 b5 24. Rhe1 Rd7 25. b4 Ne6 26. Bb3 Nd8 27. Nde4 Bxe4 28. Rxd7 Nxd7 29. Nxe4 Nc6 30. Rd1 Nde5 31. f4 Nc4 32. Bxc4 bxc4 33. a3 Rc8 34. Rc1 Nd4 35. Nc5 a5 36. Rxc4 Nb5 37. bxa5 Nd6 38. Rd4 Nb5 39. Rc4 Nd6 40. Rd4 Nb5 41. Rc4 1/2-1/2

[Event "World ol U16"]
[Site "Gyor"]
[Date "2014.12.20"]
[Round "9.4"]
[White "Chew Lee, Max"]
[Black "Thaer, Abu Alhaija"]
[Result "1-0"]
[WhiteElo "1931"]
[BlackElo "1487"]
[PlyCount "43"]
[EventDate "2014.12.13"]
[EventType "team-swiss"]
[EventRounds "10"]
[EventCountry "HUN"]
[SourceTitle "EXT 2016"]
[Source "ChessBase"]
[SourceDate "2015.10.08"]
[SourceVersion "1"]
[SourceVersionDate "2015.10.08"]
[SourceQuality "1"]
[WhiteTeam "Australia"]
[BlackTeam "Jordan"]
[WhiteTeamCountry "AUS"]
[BlackTeamCountry "JOR"]

1. e4 e5 2. d4 exd4 3. c3 dxc3 4. Nxc3 Nc6 5. Bc4 g6 6. Nf3 Bg7 7. Bf4 Nge7 8. h4 h6 9. Qb3 0-0 10. Nb5 d6 11. Qe3 Kh7 12. h5 g5 13. Bxg5 hxg5 14. Nxg5+ Kg8 15. h6 Bd4 16. Nxd4 Ne5 17. Qg3 N7g6 18. Nxf7 Rxf7 19. h7+ Kh8 20. Bxf7 Nf4 21. Qg8+ Qxg8 22. hxg8Q# 1-0

[Event "World ol U16"]
[Site "Gyor"]
[Date "2014.12.18"]
[Round "7.3"]
[White "Tsiros, Fragkiskos Vlasios"]
[Black "Chew Lee, Max"]
[Result "1/2-1/2"]
[WhiteElo "2147"]
[BlackElo "1931"]
[PlyCount "70"]
[EventDate "2014.12.13"]
[EventType "team-swiss"]
[EventRounds "10"]
[EventCountry "HUN"]
[SourceTitle "EXT 2016"]
[Source "ChessBase"]
[SourceDate "2015.10.08"]
[SourceVersion "1"]
[SourceVersionDate "2015.10.08"]
[SourceQuality "1"]
[WhiteTeam "Greece"]
[BlackTeam "Australia"]
[WhiteTeamCountry "GRE"]
[BlackTeamCountry "AUS"]

1. e4 e6 2. d4 d5 3. Nd2 Nc6 4. Ngf3 Nf6 5. e5 Nd7 6. Nb3 Be7 7. Bb5 a5 8. a4 Na7 9. Bd3 b6 10. Nbd2 c5 11. c3 Nc6 12. Bb5 Qc7 13. 0-0 Ba6 14. Qe2 Bxb5 15. axb5 Na7 16. Ne1 c4 17. b3 Nxb5 18. Bb2 Rc8 19. bxc4 dxc4 20. Ra4 Nxd4 21. cxd4 b5 22. Ra1 c3 23. Rc1 b4 24. Ne4 Nb6 25. Bxc3 bxc3 26. Rxc3 Qd7 27. Qa6 Rxc3 28. Nxc3 Qxd4 29. Nb5 Qd8 30. Na7 Bb4 31. Nc6 Qc7 32. Nxb4 axb4 33. Qb5+ Nd7 34. Qxb4 Qc5 35. Qa4 Qe7 1/2-1/2

[Event "World ol U16"]
[Site "Gyor"]
[Date "2014.12.13"]
[Round "1.3"]
[White "Chew Lee, Max"]
[Black "Kumaran, Bajali"]
[Result "1/2-1/2"]
[WhiteElo "1931"]
[BlackElo "2316"]
[PlyCount "111"]
[EventDate "2014.12.13"]
[EventType "team-swiss"]
[EventRounds "10"]
[EventCountry "HUN"]
[SourceTitle "EXT 2016"]
[Source "ChessBase"]
[SourceDate "2015.10.08"]
[SourceVersion "1"]
[SourceVersionDate "2015.10.08"]
[SourceQuality "1"]
[WhiteTeam "Australia"]
[BlackTeam "India"]
[WhiteTeamCountry "AUS"]
[BlackTeamCountry "IND"]

1. e4 c5 2. Nf3 Nc6 3. d4 cxd4 4. Nxd4 Nf6 5. Nc3 e5 6. Ndb5 d6 7. Nd5 Nxd5 8. exd5 Ne7 9. c4 Nf5 10. Bd3 Be7 11. 0-0 0-0 12. Kh1 Nh4 13. f4 a6 14. Nc3 f5 15. Be3 Ng6 16. b4 Bf6 17. Qc2 exf4 18. Bxf4 a5 19. b5 Nxf4 20. Rxf4 Be5 21. Rf3 Qh4 22. g3 Qh5 23. Raf1 f4 24. gxf4 Bg4 25. Rg3 Bxf4 26. Bxh7+ Kh8 27. Bg6 Qh4 28. Qf2 Kg8 29. Qxf4 Rxf4 30. Rxf4 Rf8 31. Rfxg4 Qh6 32. Bd3 Rf7 33. Ne4 Re7 34. c5 dxc5 35. d6 Rd7 36. Bc4+ Kf8 37. Rf3+ Ke8 38. Nf6+ Kd8 39. Nxd7 Kxd7 40. Rfg3 Qc1+ 41. Rg1 Qc3 42. Rxg7+ Kxd6 43. Rd1+ Ke5 44. Re7+ Kf6 45. Re6+ Kf5 46. Rf1+ Kg5 47. Be2 Qd2 48. Re5+ Kg6 49. Bh5+ Kh6 50. Rf6+ Kg7 51. Rg6+ Kh8 52. Re8+ Kh7 53. Re7+ Kh8 54. Re8+ Kh7 55. Re7+ Kh8 56. Re8+ 1/2-1/2

[Event "Doeberl Cup Premier 51st"]
[Site "Canberra"]
[Date "2013.03.30"]
[Round "6"]
[White "Chew Lee, Max"]
[Black "Wyss, Felix"]
[Result "1-0"]
[WhiteElo "1841"]
[BlackElo "1813"]
[PlyCount "41"]
[EventDate "2013.03.28"]
[EventType "swiss"]
[EventRounds "9"]
[EventCountry "AUS"]
[SourceTitle "EXT 2023"]
[Source "ChessBase"]
[SourceDate "2022.10.05"]
[SourceVersion "1"]
[SourceVersionDate "2022.10.05"]
[SourceQuality "1"]

1. e4 c5 2. Nf3 d6 3. d4 cxd4 4. Nxd4 Nf6 5. Nc3 g6 6. Bc4 Bg7 7. 0-0 a6 8. h3 Nbd7 9. Re1 b5 10. Bb3 Nc5 11. Bg5 0-0 12. Nc6 Qe8 13. e5 Nxb3 14. Nxe7+ Qxe7 15. exf6 Bxf6 16. Rxe7 Bxg5 17. Nxb5 Bf5 18. Nd4 Be4 19. Qe2 f5 20. f3 Bf6 21. Nc6 1-0

[Event "NZL-ch Major op"]
[Site "Wellington"]
[Date "2013.01.10"]
[Round "11"]
[White "Chew Lee, Max"]
[Black "Gong, Daniel Hanwen"]
[Result "1-0"]
[WhiteElo "1845"]
[BlackElo "1630"]
[PlyCount "71"]
[EventDate "2012.12.31"]
[EventType "swiss"]
[EventRounds "11"]
[EventCountry "NZL"]
[SourceTitle "CBM 152 Extra"]
[Source "ChessBase"]
[SourceDate "2013.02.25"]
[SourceVersion "1"]
[SourceVersionDate "2013.02.25"]
[SourceQuality "1"]

1. e4 c5 2. Nf3 e6 3. d4 cxd4 4. Nxd4 a6 5. Nc3 Qc7 6. g3 Nf6 7. Bg2 Be7 8. 0-0 0-0 9. Re1 d6 10. Be3 Nc6 11. h3 Bd7 12. f4 Nxd4 13. Bxd4 e5 14. Be3 Bc6 15. Qe2 b5 16. a3 Rac8 17. f5 Rfd8 18. Rad1 Qb7 19. Bc1 Nd7 20. g4 f6 21. h4 h6 22. Bf3 Kh7 23. Kh1 Rg8 24. g5 Bf8 25. Rg1 Nb6 26. Qg2 fxg5 27. hxg5 Rh8 28. gxh6 Kg8 29. f6 Rh7 30. fxg7 Be7 31. Qg6 Qd7 32. Bg4 Qxg4 33. Rxg4 Bd7 34. Rf1 Rxh6+ 35. Qxh6 Bxg4 36. Qh8# 1-0

[Event "NZL-ch Major op"]
[Site "Wellington"]
[Date "2013.01.07"]
[Round "8"]
[White "Rains, Edward"]
[Black "Chew Lee, Max"]
[Result "1-0"]
[WhiteElo "1884"]
[BlackElo "1845"]
[PlyCount "127"]
[EventDate "2012.12.31"]
[EventType "swiss"]
[EventRounds "11"]
[EventCountry "NZL"]
[SourceTitle "CBM 152 Extra"]
[Source "ChessBase"]
[SourceDate "2013.02.25"]
[SourceVersion "1"]
[SourceVersionDate "2013.02.25"]
[SourceQuality "1"]

1. e4 e6 2. d4 d5 3. Nc3 Bb4 4. Bd2 Nf6 5. e5 Nfd7 6. Qg4 g6 7. a3 Be7 8. Nf3 c5 9. Bb5 Nc6 10. Bxc6 bxc6 11. 0-0 cxd4 12. Qxd4 Bf8 13. Rfe1 Bg7 14. Ne2 Qb6 15. Rab1 Bb7 16. Qf4 Qc7 17. Ng3 c5 18. b4 Rb8 19. bxc5 Nxc5 20. Qd4 a6 21. Bb4 Bf8 22. Rec1 a5 23. Bd2 Nd7 24. Qa4 Ra8 25. c4 Qc6 26. Qb5 Qxb5 27. cxb5 Bxa3 28. Rc7 Nc5 29. Be3 Rc8 30. Bxc5 Rxc7 31. Bxa3 h6 32. Ne2 Kd7 33. Bd6 Rc4 34. Ned4 Rhc8 35. Kf1 Rc1+ 36. Rxc1 Rxc1+ 37. Ke2 a4 38. g3 Ra1 39. Nc2 Rc1 40. Kd2 Rf1 41. Ke2 Rc1 42. Nfe1 Rb1 43. Nd4 Kd8 44. Nd3 Bc8 45. Kd2 g5 46. Kc2 Rh1 47. Nc6+ Ke8 48. b6 a3 49. Bxa3 Ra1 50. Bc5 Bb7 51. Ndb4 Kd7 52. Kb2 Ra4 53. Nd4 Ra5 54. Nb3 Ra8 55. Bd6 Rh8 56. Nc5+ Kc8 57. Kb3 h5 58. Ka4 d4 59. Kb5 d3 60. Nbxd3 Rd8 61. Nxb7 Kxb7 62. Nc5+ Ka8 63. Ka6 Rxd6 64. exd6 1-0

[Event "NZL-ch Major op"]
[Site "Wellington"]
[Date "2013.01.01"]
[Round "2"]
[White "Stracy, Don M"]
[Black "Chew Lee, Max"]
[Result "0-1"]
[WhiteElo "1764"]
[BlackElo "1845"]
[PlyCount "118"]
[EventDate "2012.12.31"]
[EventType "swiss"]
[EventRounds "11"]
[EventCountry "NZL"]
[SourceTitle "CBM 152 Extra"]
[Source "ChessBase"]
[SourceDate "2013.02.25"]
[SourceVersion "1"]
[SourceVersionDate "2013.02.25"]
[SourceQuality "1"]

1. e4 e6 2. d4 d5 3. Nd2 dxe4 4. Nxe4 Nf6 5. Nxf6+ Qxf6 6. Nf3 h6 7. Be2 b6 8. 0-0 Bd6 9. Be3 Bb7 10. c4 Nc6 11. a3 0-0 12. Qc2 Ne7 13. c5 Bf4 14. Bxf4 Qxf4 15. Rad1 Rad8 16. cxb6 cxb6 17. Qd2 Qf6 18. Qe3 Nf5 19. Qf4 Bxf3 20. Bxf3 Rxd4 21. Qc7 Rfd8 22. Rxd4 Qxd4 23. g3 Qd7 24. Qf4 Nd4 25. Bh5 Qe7 26. Rd1 e5 27. Re1 Re8 28. Qd2 g6 29. Bd1 h5 30. b4 Qd6 31. Qe3 Nf5 32. Qg5 Qe7 33. Qd2 Rd8 34. Qc1 Qd6 35. Qb2 Qd4 36. Qe2 Re8 37. Ba4 Re7 38. Rd1 Qc3 39. Qa2 e4 40. Bc2 Nd4 41. Bb1 e3 42. fxe3 Qxe3+ 43. Qf2 Nf3+ 44. Kg2 Qxf2+ 45. Kxf2 Nxh2 46. Rd2 Ng4+ 47. Kg2 Re3 48. Ra2 Kg7 49. a4 Rb3 50. b5 Rxb1 51. Kf3 Rb4 52. Ra3 Ne5+ 53. Kg2 Nd7 54. Ra2 Nc5 55. a5 Rxb5 56. axb6 axb6 57. Ra8 Rb1 58. Rc8 Na4 59. Ra8 b5 0-1

[Event "Melbourne Anzac Day"]
[Site "Melbourne"]
[Date "2012.04.24"]
[Round "5"]
[White "Morris, James"]
[Black "Chew Lee, Max"]
[Result "1-0"]
[WhiteElo "2354"]
[BlackElo "1803"]
[PlyCount "65"]
[EventDate "2012.04.21"]
[EventType "swiss"]
[EventRounds "7"]
[EventCountry "AUS"]
[SourceTitle "EXT 2023"]
[Source "ChessBase"]
[SourceDate "2022.10.05"]
[SourceVersion "1"]
[SourceVersionDate "2022.10.05"]
[SourceQuality "1"]

1. c4 c5 2. Nc3 Nc6 3. Nf3 g6 4. d4 cxd4 5. Nxd4 Bg7 6. Nc2 f5 7. g3 Nf6 8. Bg2 0-0 9. 0-0 d6 10. Bg5 Be6 11. b3 Qd7 12. Rc1 Rad8 13. Qd2 Kh8 14. Rfe1 Nh5 15. Nd5 Rde8 16. Rcd1 Bf7 17. Bf3 Nf6 18. Nxf6 exf6 19. Be3 Rd8 20. Bg2 Rfe8 21. Qc3 Qe7 22. Nb4 Rc8 23. Nxc6 bxc6 24. Qa5 c5 25. Rd3 Red8 26. Red1 g5 27. Bxc5 Rxc5 28. Qxc5 dxc5 29. Rxd8+ Bg8 30. R1d7 Qxe2 31. Bd5 Qd1+ 32. Kg2 Qxd5+ 33. cxd5 1-0

[Event "AUS-ch Reserves"]
[Site "Geelong"]
[Date "2012.01.03"]
[Round "7"]
[White "Setiabudi, Allen"]
[Black "Chew Lee, Max"]
[Result "0-1"]
[WhiteElo "1955"]
[BlackElo "1664"]
[PlyCount "142"]
[EventDate "2011.12.27"]
[EventType "swiss"]
[EventRounds "11"]
[EventCountry "AUS"]
[SourceTitle "EXT 2023"]
[Source "ChessBase"]
[SourceDate "2022.10.05"]
[SourceVersion "1"]
[SourceVersionDate "2022.10.05"]
[SourceQuality "1"]

1. e4 e6 2. d4 d5 3. e5 c5 4. c3 Nc6 5. Nf3 Bd7 6. a3 Nge7 7. Bd3 Ng6 8. 0-0 c4 9. Bc2 Be7 10. g3 Qc7 11. h4 f5 12. exf6 gxf6 13. h5 Nf8 14. Bf4 Bd6 15. Bxd6 Qxd6 16. b3 cxb3 17. Bxb3 Rg8 18. Ra2 f5 19. Ne5 f4 20. Qf3 Nxe5 21. dxe5 Qxe5 22. Re2 Qc7 23. Bxd5 0-0-0 24. Be4 fxg3 25. Nd2 gxf2+ 26. Kxf2 Ng6 27. hxg6 Rgf8 28. gxh7 Rxf3+ 29. Nxf3 Bc6 30. Rh1 Rh8 31. Rg1 Qf7 32. Bxc6 bxc6 33. Rh1 Rxh7 34. Rxh7 Qxh7 35. Ne5 Qh2+ 36. Kf3 Qh3+ 37. Kf4 Qxc3 38. a4 Qd4+ 39. Re4 Qf2+ 40. Nf3 Kd7 41. Rd4+ Kc7 42. Rd2 Qc5 43. Re2 Qf5+ 44. Kg3 Kb6 45. Kf2 Qc5+ 46. Ke1 Qb4+ 47. Nd2 Qxa4 48. Re4 Qa1+ 49. Ke2 Qh1 50. Kd3 a5 51. Kc2 Qh3 52. Re3 Qf5+ 53. Re4 Qd5 54. Re5 Qa2+ 55. Kd3 c5 56. Nc4+ Kb5 57. Nd6+ Kb4 58. Re4+ Kb3 59. Rc4 Qb1+ 60. Kd2 Qb2+ 61. Kd3 e5 62. Ne4 Qb1+ 63. Ke2 Kxc4 64. Nd2+ Kb4 65. Nxb1 a4 66. Kd3 a3 67. Nc3 Kb3 68. Ne2 a2 69. Nc1+ Kb2 70. Nxa2 Kxa2 71. Kc4 e4 0-1

[Event "AUS-ch Reserves"]
[Site "Geelong"]
[Date "2011.12.30"]
[Round "4"]
[White "Chew Lee, Max"]
[Black "Khaled, Omar"]
[Result "1-0"]
[WhiteElo "1664"]
[BlackElo "2010"]
[PlyCount "125"]
[EventDate "2011.12.27"]
[EventType "swiss"]
[EventRounds "11"]
[EventCountry "AUS"]
[SourceTitle "EXT 2023"]
[Source "ChessBase"]
[SourceDate "2022.10.05"]
[SourceVersion "1"]
[SourceVersionDate "2022.10.05"]
[SourceQuality "1"]

1. e4 c5 2. Nf3 d6 3. d3 Nc6 4. g3 g6 5. Bg2 Bg7 6. Nbd2 e6 7. 0-0 Nge7 8. Kh1 h5 9. Nb3 e5 10. Be3 Bg4 11. Qd2 f6 12. c3 Qd7 13. d4 c4 14. Nc1 g5 15. dxe5 Bxf3 16. Bxf3 Nxe5 17. Bg2 h4 18. Rd1 h3 19. Bf1 Qg4 20. Qc2 Qf3+ 21. Kg1 Rd8 22. Bxa7 d5 23. Qe2 dxe4 24. Rxd8+ Kxd8 25. Qxf3 exf3 26. Bd4 N7c6 27. Bxe5 Nxe5 28. b3 g4 29. bxc4 Kc7 30. Nd3 Rd8 31. Nc5 Rd6 32. Rb1 b6 33. Ne4 Rc6 34. c5 bxc5 35. Bb5 Rb6 36. Nxc5 f5 37. a4 Kd6 38. Nd3 Nc6 39. c4 Bd4 40. Kf1 Rb8 41. Nb4 Nxb4 42. Rxb4 Bc3 43. c5+ Kc7 44. Rb1 Rd8 45. Kg1 Rd2 46. Re1 Bf6 47. Rf1 Bd4 48. Be8 f4 49. gxf4 g3 50. hxg3 Bxf2+ 51. Kh2 Bxc5+ 52. Kxh3 f2 53. Bb5 Rc2 54. g4 Bd6 55. f5 Bf4 56. Kh4 Bg3+ 57. Kh5 Rc5 58. Kg6 Kd6 59. Rd1+ Ke5 60. f6 Kf4 61. f7 Rg5+ 62. Kf6 Rf5+ 63. gxf5 1-0

[Event "AUS-ch U12"]
[Site "Mooroolbark"]
[Date "2011.01.22"]
[Round "8"]
[White "Willathgamuwa, Kevin"]
[Black "Chew Lee, Max"]
[Result "0-1"]
[WhiteElo "1052"]
[BlackElo "1290"]
[PlyCount "150"]
[EventDate "2011.01.19"]
[EventType "swiss"]
[EventRounds "9"]
[EventCountry "AUS"]
[SourceTitle "EXT 2013"]
[Source "ChessBase"]
[SourceDate "2012.11.22"]
[SourceVersion "1"]
[SourceVersionDate "2012.11.22"]
[SourceQuality "1"]

1. e4 e6 2. d4 d5 3. Nd2 c5 4. exd5 exd5 5. Ngf3 Nc6 6. Bb5 Nf6 7. 0-0 Be7 8. dxc5 Bxc5 9. Nb3 Be7 10. c3 0-0 11. Bd3 Bg4 12. h3 Bh5 13. Be3 Re8 14. Re1 Bd6 15. Be2 Qc7 16. Qd2 Bg6 17. Nbd4 Ne4 18. Qd1 a6 19. Qb3 Ne7 20. Ng5 Bh2+ 21. Kh1 Bf4 22. Nxe4 Bxe3 23. fxe3 Bxe4 24. Bf3 Rad8 25. Rad1 Bxf3 26. Nxf3 Qc4 27. Qxb7 Rb8 28. b3 Rxb7 29. bxc4 dxc4 30. Rd4 Rc8 31. Red1 g6 32. Ne5 Nf5 33. Rd8+ Rxd8 34. Rxd8+ Kg7 35. Nxc4 Rc7 36. Nd6 Rxc3 37. e4 Nxd6 38. Rxd6 Ra3 39. Rd2 Ra4 40. e5 Ra5 41. Re2 Kf8 42. Kh2 Ra3 43. Kg1 Ke7 44. Kf2 Ke6 45. g3 Ra5 46. Kf3 Rxe5 47. Rxe5+ Kxe5 48. Ke3 f5 49. a3 g5 50. Kd3 f4 51. g4 Kd5 52. Kc3 Kc5 53. Kd3 Kb5 54. Ke4 Ka4 55. h4 gxh4 56. Kxf4 Kxa3 57. g5 Kb4 58. Kg4 a5 59. Kxh4 a4 60. Kh5 a3 61. Kh6 a2 62. Kxh7 a1Q 63. g6 Qh1+ 64. Kg8 Kc5 65. g7 Kd5 66. Kf8 Qf3+ 67. Ke7 Qe4+ 68. Kf7 Qf5+ 69. Ke7 Qg6 70. Kf8 Qf6+ 71. Kg8 Ke6 72. Kh7 Qf5+ 73. Kh6 Qf7 74. Kh7 Kf6 75. Kh6 Qg6# 0-1

[Event "AUS-ch U12"]
[Site "Mooroolbark"]
[Date "2011.01.21"]
[Round "5"]
[White "Chew Lee, Max"]
[Black "Slater Jones, Tom"]
[Result "1-0"]
[WhiteElo "1290"]
[BlackElo "1050"]
[PlyCount "91"]
[EventDate "2011.01.19"]
[EventType "swiss"]
[EventRounds "9"]
[EventCountry "AUS"]
[SourceTitle "EXT 2013"]
[Source "ChessBase"]
[SourceDate "2012.11.22"]
[SourceVersion "1"]
[SourceVersionDate "2012.11.22"]
[SourceQuality "1"]

1. Nf3 d5 2. d4 c5 3. e3 e6 4. g3 Nc6 5. Bg2 Nf6 6. b3 Bd6 7. Bb2 0-0 8. c4 dxc4 9. bxc4 cxd4 10. Nxd4 Nxd4 11. exd4 Qb6 12. Qc2 Bb4+ 13. Nd2 Qa5 14. Rd1 Bxd2+ 15. Rxd2 Qxa2 16. 0-0 Qa6 17. Ra1 Qb6 18. Rb1 Re8 19. Ba3 Qc7 20. Qd3 Rb8 21. c5 Bd7 22. Qc4 Bc6 23. Rdb2 Bxg2 24. Kxg2 Qc6+ 25. Kg1 Re7 26. Qb5 Qxb5 27. Rxb5 Rc7 28. Bc1 Nd5 29. R5b3 b6 30. Ba3 Rbc8 31. Kg2 h6 32. h3 g5 33. Ra1 bxc5 34. Bxc5 Nb6 35. Rba3 Nd7 36. Bxa7 e5 37. Ra6 Kg7 38. dxe5 Nxe5 39. Bd4 Re8 40. f4 Rc2+ 41. Kg1 f6 42. fxe5 fxe5 43. Re1 Kg8 44. Rxh6 Rf8 45. Bxe5 Rd8 46. Rh8+ 1-0

[Event "AUS-ch U12"]
[Site "Mooroolbark"]
[Date "2011.01.20"]
[Round "3"]
[White "Chew Lee, Max"]
[Black "Loh, Zachary"]
[Result "0-1"]
[WhiteElo "1290"]
[BlackElo "1622"]
[PlyCount "114"]
[EventDate "2011.01.19"]
[EventType "swiss"]
[EventRounds "9"]
[EventCountry "AUS"]
[SourceTitle "EXT 2013"]
[Source "ChessBase"]
[SourceDate "2012.11.22"]
[SourceVersion "1"]
[SourceVersionDate "2012.11.22"]
[SourceQuality "1"]

1. c4 e6 2. Nc3 f5 3. Nf3 Nf6 4. d4 Bb4 5. Bg5 b6 6. e3 Bb7 7. Bd3 Bxc3+ 8. bxc3 0-0 9. Qc2 Qe8 10. h3 Qh5 11. Bxf6 Rxf6 12. Be2 Qe8 13. Rg1 d6 14. Nh2 Nc6 15. g4 Na5 16. Bd3 Qf8 17. h4 Be4 18. gxf5 exf5 19. Bxe4 fxe4 20. Qxe4 Re8 21. Qg2 Rfe6 22. Ng4 h5 23. Nh2 Nxc4 24. Qf3 Rxe3+ 25. fxe3 Rxe3+ 26. Qxe3 Nxe3 27. Ke2 Qf4 28. Nf1 Ng4 29. Kd3 Qf3+ 30. Kc4 Qe2+ 31. Kb3 a5 32. Ng3 a4+ 33. Ka3 Qc4 34. Rac1 Qd5 35. Rge1 Nf6 36. Rc2 b5 37. Rf1 Qc4 38. Rff2 b4+ 39. cxb4 Qd3+ 40. Kxa4 Qxg3 41. Rg2 Qxh4 42. Rxc7 Ng4 43. Re2 Qh1 44. Ree7 Qd1+ 45. Ka5 Qxd4 46. b5 Ne3 47. b6 Nd5 48. Rxg7+ Kf8 49. Rgf7+ Ke8 50. Rfe7+ Nxe7 51. Ka6 Nd5 52. Rc6 Nb4+ 53. Kb7 Qd5 54. Ka7 Qxc6 55. b7 Qa6+ 56. Kb8 Kd7 57. a4 Nc6# 0-1